Find the Differences in the Pictures Quiz Stats

 Plays Quiz Updated Dec 30, 2015

Score 0/20 Timer 01:30
0 Plays Today
% Correct
Candle
96.9%
Candle
96.9%
Shoe
96.6%
Shoe
96.6%
Star
95.5%
Star
95.5%
Stone
92.8%
Stone
92.8%
Flower
86%
Flower
86%
% Correct
Eyes
85.1%
Eyes
85.1%
Knobs
71.1%
Knobs
71.1%
Foot
67.7%
Foot
67.7%
Tail
61.2%
Tail
61.2%
Spot
54.5%
Spot
54.5%

You're not logged in!

Compare scores with friends on all Sporcle quizzes.
OR
Log In

You Might Also Like...

Show Comments

Extras

Top Quizzes Today


Score Distribution

Your Account Isn't Verified!

In order to create a playlist on Sporcle, you need to verify the email address you used during registration. Go to your Sporcle Settings to finish the process.

Report this User

Report this user for behavior that violates our Community Guidelines.

Details: